แสดงรายละเอียดบรรณานุกรม
  กลับหน้าหลัก

Brief Record : Get Marc (ISO 2709) : E-mail record : QR code ปิดหน้าต่าง
หนังสืออ้างอิง E-books : เกี่ยวกับ Collections
LEADER 00000nam 2200000uu 4500
008    120924s2554||||th 000 0 tha d
024    ^a9786169058700
040    ^abcnkk
041 0  ^atha^beng
050  0 ^aอ DS577 ฉ421 2554.
245 00 ^aเฉลิมพระเกียรติสมเด็จพระเจ้าตากสินมหาราช./^bธานัฐ ภัทรภาคร์,ผู้รวบรวม.
250    ^aพิมพ์ครั้งที่ 1.
260    ^aนนทบุรี : ^bก้าวไกล,^c2554.
300    ^aจำนวน 299 หน้า;^bภาพประกอบ.
650  0 ^aตากสินมหาราช,สมเด็จพระเจ้า,2277-2325.
650  0 ^aไทย ^xประวัติศาสตร์ ^xกรุงธนบุรี,2310-2325.
999    ^aใช้งานได้ทุกระบบ
รายการนี้ยังไม่มีแท็ก
คุณยังไม่ได้ล็อกอิน คุณสามารถมีกิจกรรมร่วมกับเว็บไซต์ได้ แต่ต้องล็อกอินก่อน ::
  ล็อกอิน
ลำดับที่ ประเภท เลขเรียก สถานที่ สถานะ
1. หนังสืออ้างอิง
หนังสืออ้างอิง
อ DS577 ฉ421 2554.  
  
หนังสือทั่วไป On Shelf
  ขอยืม
   [แสดง 1/1 รายการ]

BibComment


ยังไม่เคยถูกคอมเมนท์

คอมเมนท์ทรัพยากรรายการนี้
  คอมเมนท์: เฉลิมพระเกียรติส..
Bib 208212

 
 
 

 Union Library Management : ULibM
Copyright 2026. All Rights Reserved.
скачать бесплатно без регистрации порно красивый секс HD Sex Hindi sex

xxx gou

xxxx

bfxxx

xxxwww

Секса Видео

xxxx

Секса Видео

detube

geilexxx

C99 Shell

worms shell

blod xxx video
Ebony Coed Rihanna Rimes Takes A Dick In Her Young Twat priyaa indian fuck anal and pusssy hardcore indian women xxx desi hardcore fucking part 1 bengalixxxcouple